| 000 | 01131nmc a2200349 a 4500 | ||
|---|---|---|---|
| 003 | AR-BaBNM | ||
| 005 | 20251128210211.0 | ||
| 008 | 011101s1999 ||||||||||||||000 | spa|| | ||
| 020 | _a950-687-051-9 | ||
| 040 | _cAR-BaBNM | ||
| 245 | 1 | 0 |
_aCuaderno de trabajo para el aula _balgunos aspectos de la didáctica de la genética |
| 260 |
_aBuenos Aires _bConicet _c1999 |
||
| 300 | 0 |
_a61 p. _bil., tablas |
|
| 490 | 0 | _aProciencia Conicet | |
| 500 | 0 | _aEste material pertenece al Proyecto Biología | |
| 504 | _aContiene bibliografía p. 61 | ||
| 650 | 4 | _aGENETICA | |
| 650 | 4 | _aDIDACTICA | |
| 650 | 4 | _aHISTORIA DE LAS CIENCIAS | |
| 650 | 4 | _aBIOLOGIA | |
| 650 | 4 | _aACTIVIDADES | |
| 653 | _aENSENANZA DE LAS CIENCIAS NATURALES | ||
| 653 | _aESTRATEGIAS EDUCATIVAS | ||
| 700 | 1 | _aFlores, Graciela | |
| 700 | 1 | _aSchnek, Adriana Patricia | |
| 700 | 1 | _aFernández, Carlos | |
| 700 | 1 | _aBusca, Marta | |
| 710 | 2 |
_aConsejo Nacional de Investigaciones Científicas y Técnicas [Argentina] _9CONICET _bPrograma Prociencia |
|
| 710 | 2 |
_aArgentina _bMinisterio de Cultura y Educación |
|
| 942 | _cBK | ||
| 998 | _cRaquel | ||
| 999 |
_c14481 _d14481 |
||